Serbian words - Statistics

General Stats
  • This quiz has been taken 590 times
  • The average score is 11 of 15
Answer Stats
English Serbian % Correct
mom mama
97%
wine vino
95%
dad tata
94%
house kuca
91%
fish riba
91%
cow krava
88%
church crkva
81%
lake jezero
78%
sheep ovca
78%
mountain planina
77%
sausage kobasica
69%
mustard senf
60%
plum šljiva
56%
curtain zavesa
50%
egg plant patlidzan
39%
No matching quizzes found
Score Distribution
Percent of People with Each Score
Percentile by Number Answered
Your Score History
You have not taken this quiz